ბათუმის შოთა რუსთაველის სახელმწიფო უნივერსიტეტის ბიბლიოთეკა

Paradise News (ბიბ.ჩანაწერი № 44758)

000 -LEADER
fixed length control field 00420nam a2200193Ia 4500
001 - CONTROL NUMBER
control field 11563
003 - CONTROL NUMBER IDENTIFIER
control field GE_BSU
008 - FIXED-LENGTH DATA ELEMENTS--GENERAL INFORMATION
fixed length control field 181216s||||||||xx |||||||||||||| ||und||
040 ## - CATALOGING SOURCE
Transcribing agency GE_BSU
100 ## - MAIN ENTRY--PERSONAL NAME
Personal name Lodge,David
245 ## - TITLE STATEMENT
Title Paradise News
245 #2 - TITLE STATEMENT
Remainder of title A Novel
260 ## - PUBLICATION, DISTRIBUTION, ETC.
Place of publication, distribution, etc. London
260 ## - PUBLICATION, DISTRIBUTION, ETC.
Name of publisher, distributor, etc. Quality Paperbacks Direct
260 ## - PUBLICATION, DISTRIBUTION, ETC.
Date of publication, distribution, etc. 1991
300 ## - PHYSICAL DESCRIPTION
Extent 294p;24cm.
653 ## - INDEX TERM--UNCONTROLLED
Uncontrolled term Paradise News:A Novel
942 ## - ADDED ENTRY ELEMENTS (KOHA)
Koha item type წიგნი
ეგზემპლარები
Withdrawn status Lost status Damaged status Not for loan Date acquired Barcode Date last seen Price effective from Koha item type
        2018-12-17 35506 2018-12-17 2018-12-17 წიგნი